000 00414nam a2200157Ia 4500
005 20250328140003.0
008 231217s9999 xx 000 0 und d
020 _a9788131407332
082 _a338.43629222 RAJ;1 R
100 _aRajmanohar, T P ed.
245 0 _aIndian automobile industry : an introduction
260 _c2007
_bIcfai
_aHyderabad
300 _ax, 252
650 _aautomobile
942 _cAA
999 _c188302
_d188302